000 00745cad a22001935a 4500
001 L156439
008 120522e2012 xxk 000 0 eng d
035 _a(Sirsi) u156439
041 0 _aeng
110 2 _aEuroProperty
_91216
245 0 0 _aRents, fund raising, swaps
260 _c2012
490 0 _aEuroProperty
_v14 May 2012, 22(1)
520 _aThe markets enjoyed a relatively quiet period in April 2012. Higher liquidity pushed Eurobor rates lower while the bond markets await French election results. Tables cover prime European rents/yields Q1 2012; EuroProperty capital raising update; and swap rates and projected Euribor interest rate.
590 _aKA
651 4 _aEurope
690 _aCommercial property
_96227
942 _n0
999 _c84013
_d84013